ATTACK ON TITAN QUIZ - Statistics

General Stats
  • This quiz has been taken 2,380 times
  • The average score is 12 of 15
Answer Stats
Question Answer % Correct
Who shot Sasha ? Gabi Braun
98%
Who is Levi's relative? Kenny Ackerman
98%
Who is the Main character? Eren Jaeger
97%
Who were the betrayers ? Annie - Reiner - Bertholdt
93%
Who is humanity's Strongest Soldier? Levi Ackerman
92%
Who is the creator of Attack on Titan ? Isayama Hajime
90%
Which one is not a wall name in Attack on Titan? Fritz
89%
Who saved Eren and Mikasa in the first episode ? Hannes
88%
Who is the Commander of the Scout Regiment ? Erwin Smith
81%
Who is Jean's Best and also dead friend ? Marco Bodt
77%
Which limb did Erwin lose? Right Arm
66%
Who is NOT Zeke ? Mrs. Jaeger's son
64%
How many episodes are there in season 2? 12
52%
How many titans did eren eat ? 3
45%
What is the highest IMDb score for Attack on Titan? 9.7
28%
No matching quizzes found
Score Distribution
Percent of People with Each Score
Percentile by Number Answered
Your Score History
You have not taken this quiz